Gaulois dans Astérix... ou Pokémon ? - Statistiques

Statistiques générales
  • Ce quiz a été pris 2 332 fois
  • Le résultat moyen est 14 sur 15
Statistiques - réponses
Question Réponse % Correct
Cétautomatix Gaulois
98%
Goudurix Gaulois
97%
Goupix Pokémon
97%
Onix Pokémon
97%
Kraknoix Pokémon
95%
Astronomix Gaulois
93%
Steelix Pokémon
93%
Alambix Gaulois
91%
Amnésix Gaulois
91%
Ténéfix Pokémon
91%
Keskonrix Gaulois
88%
Monolitix Gaulois
85%
Prolix Gaulois
83%
Mistigrix Pokémon
82%
Obélodalix Gaulois
75%
Aucun quiz correspondant
Distribution des résultats
% des personnes avec chaque résultat
Percentile par nombre de réponses
Votre historique - résultats
Vous n’avez pas pris ce quiz